000 00544nam a2200169Ia 4500
005 20250424120244.0
008 250424s9999 xx 000 0 und d
022 _a15969525
050 _aDT 515 .I46/
245 0 _aIlorin journal of history and international studies.
260 _aIlorin, Nigeria
260 _bDepartment of history and international studies, University of Ilorin
260 _c2018
300 _aiv, 204 p. ; 21 cm.
650 _aNigeria--History--Periodicals. Nigeria--Foreign relations--Periodicals.
942 _cSR
999 _c38271
_d38271